000
00357nam a2200157Ia 4500
003
0STCL
008
150530s9999 xx 000 0 und d
040
_a
STCL
_c
STCL
100
_a
Farber, E.
245
_a
Nobel prize winners in chemistry 1901-50
260
_c
1953
546
_a
English
942
_2
ddc
_c
BK
999
_c
31815
_d
31815
005
20220125170231.0